| 000 | 02048cam a22005054i 4500 | ||
|---|---|---|---|
| 003 | PE-LiUPU | ||
| 005 | 20250731173408.0 | ||
| 008 | 150706s2003 ag r 000 0 spa d | ||
| 020 | _a9505731108 | ||
| 035 | _a(Sirsi) i9789505731107 | ||
| 040 |
_aPE-LiUPU _bspa _cPE-LiUPU _erda |
||
| 049 | _aPRUA | ||
| 050 |
_aBX6146 _b.B66 |
||
| 082 | 0 | 4 |
_a286.7325 _bMB _223 |
| 100 | 1 |
_aWhite, Elena G. de, _eautor. |
|
| 245 | 1 | 3 |
_aEl ministerio de la bondad : _binstrucciones para la obra de asistencia social / _cElena G. de White. |
| 264 | 1 |
_aBuenos Aires : _bAsociación Casa Editora Sudamericana, _c2003. |
|
| 300 |
_a374 páginas ; _c17 centímetros |
||
| 336 |
_atext _2rdacontent |
||
| 337 |
_aunmediated _2rdamedia |
||
| 338 |
_avolume _2rdacarrier |
||
| 505 | 0 | _aLa filosofía divina sobre el sufrimiento y la pobreza -- El plan de Dios para su iglesia -- La norma del nuevo testamento -- Evangelizando el vecindario -- El alivio del sufrimiento de la humanidad -- La acción de la sociedad de benificiencia dorcas en la iglesia. | |
| 526 | _aSEG42 | ||
| 526 | _aSEG41 | ||
| 526 | _aSEG40 | ||
| 526 | _aSEG39 | ||
| 526 | _aP94 | ||
| 526 | _aP87 | ||
| 526 | _aP86 | ||
| 526 | _aP85 | ||
| 526 | _aP77 | ||
| 526 | _aP76 | ||
| 526 | _aP35 | ||
| 650 | 0 | 4 |
_aAdventistas del Séptimo Día _xBeneficencia. |
| 650 | 0 | 4 | _aServicio social. |
| 650 | 0 | 4 | _aTrabajo de Iglesia. |
| 856 | 4 | 2 | _uhttps://media2.egwwritings.org/swf/es_MB(WM)/files/assets/downloads/es_MB(WM).pdf |
| 910 | _agl20110829 | ||
| 942 |
_2ddc _cBK |
||
| 949 |
_a286.7325 MV _wDEWEY _c1 _iCW63508 _lCIA _mBWL _p11.00 _r1 _sY _tBOOK _u2015-7-6 _xWHITE _zUNKNOWN _o.STAFF. Colección General |
||
| 949 |
_a258 MB _wDEWEY _c1 _i74407 _d2016-12-5 _e2016-11-6 _f2017-2-14 _g1 _lCCODEBUL1 _mBUL _n7 _p11.00 _r0 _sY _tBOOK _u2016-8-11 _xTEOLOGIA _0COMPRA _o.STAFF. Colección General |
||
| 999 |
_c52441 _d52441 |
||
| 980 |
_81 _gALBERTO SANCHEZ Responsable de Automatización |
||